000 00505nam a2200181Ia 4500
999 _c14513
_d14513
003 OSt
005 20201020123730.0
008 190216s9999||||xx |||||||||||||| ||und||
020 _a9788172341787
040 _coclc
082 _a181.4
_bVAR/C
100 _aVarma, R R
_95984
245 0 _aCulture Of Enlightenment /
_cVarma R R
260 _bPrakash Books ,
_c2008.
_aNew Delhi:
300 _a523p
650 _aReligion-English
942 _cBK
_2ddc
_h181.4
_iVAR/C
_k181.4
_mVAR/C